|
|
|
|
| LEADER |
00990nam a2200205 i 4500 |
| 003 |
GR-PaULI |
| 005 |
20240313111637.0 |
| 008 |
181002s1998 gr a|||g |||| 00| 0agre d |
| 952 |
|
|
|0 0
|1 0
|2 ddc
|4 0
|6 792_028000000000000_092_ΕΞΑ
|7 0
|9 226437
|a THST
|b THST
|d 2018-10-05
|i 004956
|l 0
|o 792.028 092 ΕΞΑ
|p 025000016687
|r 2018-10-05 00:00:00
|t 1
|v 2018.00
|w 2018-10-05
|y BK15
|
| 999 |
|
|
|c 136635
|d 136635
|
| 020 |
|
|
|a 9602489294
|
| 040 |
|
|
|a GR-PaULI
|b gre
|c GR-PaULI
|e AACR2
|
| 082 |
0 |
4 |
|2 23
|a 792.028 092
|
| 100 |
1 |
|
|a Έξαρχος, Θόδωρος,
|d 1930-2009
|e συγγραφέας
|9 51556
|
| 245 |
1 |
3 |
|a Το οδοιπορικό ενός ηθοποιού :
|b (αναδρομές) : συνεντεύξεις και κείμενα προβληματισμού /
|c Θεόδωρου Έξαρχου.
|
| 260 |
|
|
|a Αθήνα :
|b Δωδώνη,
|c 1998.
|
| 300 |
|
|
|a 130 σ. :
|b εικ. ;
|c 21 εκ.
|
| 650 |
|
4 |
|9 3093
|a Ηθοποιοί
|x Βιογραφίες
|z Ελλάδα
|
| 942 |
|
|
|2 ddc
|c BK15
|
| 998 |
|
|
|c ΜΑΝΙΑ
|d 2018-10
|